Statistics for Streetlight Manifesto Discography

Click here to take the quiz!

General Stats

  • This quiz has been taken 4 times
  • The average score is 5 of 9

Answer Stats

Type Year Name % Correct
Album2003Everything Goes Numb
100%
Album2006Keasbey Nights
100%
Album2007Somewhere in the Between
100%
Album2013The Hands That Thieve
100%
Album201099 Songs of Revolution: Vol. 1
50%
Demo2002Streetlight Manifesto Demo
25%
Compilation2007Ska Is Dead (A Better Place, A Better Time to Live)
0%
Live Compilation20092009 Warped Tour Compilation (What A Wicked Gang We Are)
0%
Live EP2013Live EP
0%

Score Distribution

Percentile by Number Answered

Percent of People with Each Score

Your Score History

You have not taken this quiz